00708 2200193 4500001002100000005001500021035002400036084002000060090002000080100002100100245019500121260006800316300004700384500001600431504001400447650002100461850001200482990002000494YOGYA00000000000241420140822161634 0010-051300000000389 aSK 371.27 Awa P aSK 371.27 Awa P aAwaluddin Kholid aPerbedaan hasil belajar mata pelajaran umum antara siswa yang berasal dari Sekolah Dasar dan Madrasah Ibtidaiyah di Madrasah Tsanawiyah Negri Godean Sleman Yogyakarta / oleh Awaluddin Kholid aYogyakartabFakultas Tanbiyah Universitas Islam Indonesiac1997 aXI, 108, (32) lbr. : Ilus. , lamp. ; 30 cm aSkripsi UII a(lbr 109) aBelajar-evaluasi aYOPDYOG a45164 - PD/A.12